000 00960nam a22002777i 4500
003 EG-GICUC
005 20260204205902.0
008 260204s1905 fr ||||fr|||| 000 0 fre d
040 _aEG-GiCUC
_bfre
_cEG-GiCUC
_dEG-GiCUC
_eRda
082 0 4 _221
_a341.84
_bVA . E
092 0 4 _221
099 _aLaw1 12 341.84 VA . E 1905
100 1 _aVabres, H. Donnedieu De
_eAuteur
245 1 3 _aL'evolution De La Jurisprudence Francaise Es Matière De Conflit Des Lois /
_cH. Donnedieu De Vabres.
264 1 _aparis :
_bLibrairie Nouvelle De Droit Et De Jurisprudence,
_c1905.
300 _a643page :
_billustration ;
_c 24 cm.
336 _2rda contenu
_a texte
337 _2rda medias
_aOrdinateur
338 _2 transporteur rda
_a Ressource en ligne
546 _aTexte en français
650 1 4 _aDroit international privé
_2
651 1 _2
856 4 0 _uhttps://fll.law.cu.edu.eg/fulltext/bks/B12-01850.pdf
905 _a50
942 _2ddc
_cBK
_e21
_n0
999 _c61156
_d61156